| 000 | 00786nam a22002057a 4500 | ||
|---|---|---|---|
| 999 |
_c63859 _d63859 |
||
| 005 | 20260209113731.0 | ||
| 008 | 260209s2024 gw ||||| |||| 00| 0 goh d | ||
| 020 | _a9783126071475x | ||
| 041 | _agoh | ||
| 080 | _a811.112.2'373 N-46 | ||
| 245 |
_a Netzwerk neu A1 : _bKursbuch mit Audios und Videos / _cStefanie Dengler, Tanja Mayr-Sieber, Paul Rusch, Helen Schmitz. |
||
| 264 |
_aShuttgart : _bErnst Klett Sprachen, _c2024. |
||
| 300 |
_a176 p.: _b ill. _c29 cm. |
||
| 653 | _aგერმანული ენა | ||
| 700 |
_a Dengler, Stefanie _eავტორი _926824 |
||
| 700 |
_aMayr-Sieber, Tanja _eავტორი _926821 |
||
| 700 |
_aRusch, Paul _eავტორი _926825 |
||
| 700 |
_aSchmitz, Helen _eავტორი _926826 |
||
| 942 |
_2udc _cᲬᲘᲒᲜᲘ |
||